Críticas de la Economía Política : Edición Latinoamericana : no. 18-19, enero-junio 1981 : ciencia, filosofía e ideología /

שמור ב:
מידע ביבליוגרפי
מחברים אחרים: Tonda Mazón, María de la Concepción (autor) (autor)
פורמט: ספר
שפה:ספרדית
יצא לאור: México : El Caballito, 1981, c1981
תגים: הוספת תג
אין תגיות, היה/י הראשונ/ה לתייג את הרשומה!

MARC

LEADER 00000nam^a2200000^a^4500
001 000627854
005 20260212000000.0
009 20260310134102.268
022 |a 0185-349X 
037 |a Acervo Xavier Clavigero 
041 |a ESP 
091 |a FHG. 01211 
240 1 1 |a [Críticas de la Economía Política: Edición Latinoamericana] 
245 0 0 |a Críticas de la Economía Política :  |b Edición Latinoamericana : no. 18-19, enero-junio 1981 : ciencia, filosofía e ideología / 
264 4 |a México :  |b El Caballito,  |c 1981, c1981 
300 |a 312 p. 
336 |a texto  |b txt  |2 rdacontenido 
337 |a sin mediación  |b n  |2 rdamedio 
338 |a volumen  |b nc  |2 rdasoporte 
649 |a XX 
700 |a Tonda Mazón, María de la Concepción  |e (autor) 
910 |a Fondo Humberto García Bedoy S.J. 
920 |a Impresos - Libros 
930 |a Fondos Especiales 
905 |a 148 
901 |a 627854-10  |b IT2  |c ESP  |i D  |u 20260212 
902 |a https://opac.biblio.iteso.mx/vufind/Record/000627854